MARC

LEADER 00000nam0a2200000 4500
001 364219
005 20231102011652.0
035 |a (RuTPU)RU\TPU\retro\21577 
035 |a RU\TPU\retro\21576 
090 |a 364219 
100 |a 20211109d1959 k y0rusy50 ca 
101 0 |a rus 
102 |a RU 
105 |a a z 001zy 
200 1 |a К анализу цикла отсадки  |f Г. Г. Кузнецов  |g Всесоюзный научно-исследовательский институт золота и редких металлов 
210 |a Магадан  |c Изд-во ВНИИ-1  |d 1959 
215 |a 44 с.  |c ил. 
225 1 |a Труды ВНИИ-1 (Всесоюзного научно-исследовательского института золота и редких металлов) 
225 1 |a Обогащение и металлургия  |v Вып. 43/44 
320 |a Библиогр. в конце ст. 
423 |t Гидрометаллургический метод извлечения селена из руды  |f Н. Б. Коростышевский, И. А. Коган  |a Коростышевский, Н. Б. 
606 1 |a Металлургия общая  |2 stltpush  |3 (RuTPU)RU\TPU\subj\43016  |9 62604 
606 1 |a Руды  |x Обогащение  |2 stltpush  |3 (RuTPU)RU\TPU\subj\26130  |9 50128 
610 1 |a отсадочные машины 
610 1 |a отсадка 
610 1 |a циклы 
610 1 |a гидрометаллургические технологии 
610 1 |a скорость 
610 1 |a качественный анализ 
610 1 |a количественный анализ 
610 1 |a постель 
610 1 |a физические свойства 
610 1 |a селен 
675 |a 669  |v 4 
675 |a 622.7:622.34  |v 4 
700 1 |a Кузнецов  |b Г. Г. 
712 0 2 |a Всесоюзный научно-исследовательский институт золота и редких металлов  |c (Магадан)  |c (1960-1994)  |2 stltpush  |3 (RuTPU)RU\TPU\col\7605  |9 24351 
801 1 |a RU  |b 63413507  |c 20211018 
801 2 |a RU  |b 63413507  |c 20211109  |g RCR 
942 |c BK